Leyendas, mitos, cuentos y otros relatos esquimales / (Record no. 24623)

MARC details
000 -LEADER
fixed length control field 01426cam a2200421Ii 4500
001 - CONTROL NUMBER
control field sjds2069370
003 - CONTROL NUMBER IDENTIFIER
control field sjds
005 - DATE AND TIME OF LATEST TRANSACTION
control field 20200625185358.0
008 - FIXED-LENGTH DATA ELEMENTS--GENERAL INFORMATION
fixed length control field 051116s2005 ag ab j b 000 0 spa d
020 ## - INTERNATIONAL STANDARD BOOK NUMBER
International Standard Book Number 9875506230 (pbk.)
020 ## - INTERNATIONAL STANDARD BOOK NUMBER
International Standard Book Number 9789875506237 (pbk.)
035 ## - SYSTEM CONTROL NUMBER
System control number 1381398
035 ## - SYSTEM CONTROL NUMBER
System control number (OCoLC)62288948
035 ## - SYSTEM CONTROL NUMBER
System control number (OCoLC)ocm62288948
035 ## - SYSTEM CONTROL NUMBER
System control number 1381398
040 ## - CATALOGING SOURCE
Original cataloging agency DPL
Language of cataloging eng
Description conventions rda
Transcribing agency DPL
Modifying agency BAKER
-- IF9
-- BTCTA
-- BDX
-- OCLCF
-- OCLCQ
-- IFA
041 ## - LANGUAGE CODE
Language code of text/sound track or separate title spa
049 ## - LOCAL HOLDINGS (OCLC)
Holding library IFAA
099 ## - LOCAL FREE-TEXT CALL NUMBER (OCLC)
Classification number 398.2089
Filing suffix 2005
100 1# - MAIN ENTRY--PERSONAL NAME
Personal name Sugobono, Nahuel.
245 10 - TITLE STATEMENT
Title Leyendas, mitos, cuentos y otros relatos esquimales /
Statement of responsibility, etc. presentados por Nahuel Sugobono ; illustrados por Alejandro Ravassi.
246 30 - VARYING FORM OF TITLE
Title proper/short title Esquimales
260 ## - PUBLICATION, DISTRIBUTION, ETC. (IMPRINT)
Place of publication, distribution, etc. Buenos Aires :
Name of publisher, distributor, etc. Longseller,
Date of publication, distribution, etc. c2005
264 #1 - PRODUCTION, PUBLICATION, DISTRIBUTION, MANUFACTURE, AND COPYRIGHT NOTICE
Place of production, publication, distribution, manufacture Buenos Aires :
Name of producer, publisher, distributor, manufacturer Longseller,
Date of production, publication, distribution, manufacture, or copyright notice [2005]
264 #4 - PRODUCTION, PUBLICATION, DISTRIBUTION, MANUFACTURE, AND COPYRIGHT NOTICE
Date of production, publication, distribution, manufacture, or copyright notice c2005
300 ## - PHYSICAL DESCRIPTION
Extent 96 pages :
Other physical details color illustrations, color map ;
Dimensions 21 cm
336 ## - CONTENT TYPE
Content type term text
Content type code txt
Source rdacontent
337 ## - MEDIA TYPE
Media type term unmediated
Media type code n
Source rdamedia
338 ## - CARRIER TYPE
Carrier type term volume
Carrier type code nc
Source rdacarrier
504 ## - BIBLIOGRAPHY, ETC. NOTE
Bibliography, etc Includes bibliographical references (pages 93-94).
650 #0 - SUBJECT ADDED ENTRY--TOPICAL TERM
Topical term or geographic name as entry element Eskimos
Form subdivision Folklore
-- Juvenile literature.
650 #0 - SUBJECT ADDED ENTRY--TOPICAL TERM
Topical term or geographic name as entry element Legends
Form subdivision Juvenile literature.
650 #0 - SUBJECT ADDED ENTRY--TOPICAL TERM
Topical term or geographic name as entry element Tales
Form subdivision Juvenile literature.
650 #7 - SUBJECT ADDED ENTRY--TOPICAL TERM
Topical term or geographic name as entry element Esquimales
Form subdivision Folklore
-- Literatura juvenil.
Source of heading or term bidex
650 #7 - SUBJECT ADDED ENTRY--TOPICAL TERM
Topical term or geographic name as entry element Leyendas
Form subdivision Literatura juvenil.
Source of heading or term bidex
700 1# - ADDED ENTRY--PERSONAL NAME
Personal name Ravassi, Alejandro,
Relator term illustrator.
942 ## - ADDED ENTRY ELEMENTS (KOHA)
Koha item type Libro/Book

No items available.

Powered by Koha